000 00683nam a2200205Ia 4500
003 IN-BaIIA
008 211028s9999 xx 000 0 eng d
020 _a978-1-4020-4397-0
040 _cIIA Library
080 _a52(082.1)
_bASS-338
245 0 _aSolar journey
_bthe significance of our galactic environment for the heliosphere and earth
_cedited by P. C. Frisch
260 _aDordrecht
_bSpringer
_c2006
300 _axxv, 405p.
490 _aAstrophysics and space science library; v. 338
650 _aCosmic ray
_927088
650 _aEarth
650 _aGalactic environment
_930749
650 _aHeliosphere
_914687
942 _cBK
999 _c16552
_d16552